000
00300nam a2200109Ia 4500
008
171211s9999 xx 000 0 und d
245
_a
How to Be an Ass-Whipping Boxer
245
_c
Champ Thomas
260
_c
2000
650
_x
Martial Arts
856
_u
http://down.ebook777.com/064/9781559502054.pdf
999
_c
348186
_d
348186